000 01060nam a2200313 i 4500
001 000003867
003 DO-SdBNP
005 20250722134138.0
007 ta
008 090714s2003 dr a 001 0 spa d
020 _a999342546X
040 _aDO-SdBNP
_bspa
_cBNPHU
_erda
082 4 _a352.283
_bP438d
_222
100 1 _aPérez, César,
_eautor
_4aut.
_911675
245 1 0 _aDescentralización, municipio y gestión urbana /
_cCésar Pérez.
264 1 _aSanto Domingo :
_bINTEC,
_c2003.
300 _a260 páginas :
_bilustraciones ;
_c22 cm.
336 _atexto
_btxt
_2rdacontent
337 _asin mediación
_bn
_2rdamedia
338 _avolumen
_bn
_2rdacarrier
500 _aIncluye índice.
504 _aBibliografía : páginas 255-259.
590 _aInventariado,2018/DG
650 4 _aDescentralización administrativa
_xRepública dominicana
_911676
650 0 _aGobierno municipal
_zRepública Dominicana
_917207
710 2 _aInstituto Tecnológico de Santo Domingo
_978911
910 _aValidado. Control de calidad EMS
942 _2ddc
_cLBS1
999 _c3689
_d3689